Buenos Aires City Trivia - Statistics

General Stats
  • This quiz has been taken 64 times
  • The average score is 8 of 17
Answer Stats
Clue Answer % Correct
Country that Buenos Aires is capital of Argentina
98%
Bordering ocean Atlantic Ocean
91%
For over 250 years, Buenos Aires was part of this country Spain
84%
In 1978, Buenos Aires hosted this sport event FIFA World Cup
80%
Capital city, that is located only around 200 km away from Buenos Aires Montevideo
75%
United Kingdom occupied Buenos Aires for around 46 days during this war British invasions of the {River Plate}
65%
Buenos Aires is also known by this name {Paris} of South America
65%
Football club with the most Primera División titles River Plate
65%
Only two cities that start with B and are bigger than Buenos Aires Beijing
51%
Only two cities that start with B and are bigger than Buenos Aires Bangkok
31%
Buenos Aires' opera house is ranked third best in the world by National Geographic Teatro Colón
27%
Name of the historic Buenos Aires' hotel that served as a welcoming place for new arrivals (now it's a National Museum) Hotel de {Inmigrantes}
11%
First European explorer to ever visit modern-day Buenos Aires Juan Díaz de Solís
11%
Name of two stadiums that hosted above event (name one of them) José Amalfitani Stadium | Estadio Monumental
9%
Buenos Aires was founded by this European Pedro de Mendoza
9%
Buenos Aires has the most shops of this type per capita in the world bookshops
4%
In 2005, Buenos Aires was appointed as the first UNESCO ... City of {Design}
2%
No matching quizzes found
Score Distribution
Percent of People with Each Score
Percentile by Number Answered
Your Score History
You have not taken this quiz